Quick Fire Flags - Impossible - Statistics

General Stats
  • This quiz has been taken 21 times
  • The average score is 8 of 10
Answer Stats
Picture Answer % Correct
Bhutan
100%
Lesotho
100%
Liechtenstein
89%
Antigua and Barbuda
84%
Nauru
84%
Comoros
74%
Montenegro
68%
Solomon islands
68%
Timor Leste
68%
Equatorial Guinea
63%
No matching quizzes found
Score Distribution
Percent of People with Each Score
Percentile by Number Answered
Your Score History
You have not taken this quiz